000 00993nam a22003137a 4500
001 BR2015004121
003 BR-BrBNA
005 20230928104706.0
007 ta
008 230509b bl.||||| |||| 00| 0 por d
040 _aBR-BrBNA
_bpor
_cBiblioteca Nacional de Agricultura
041 _a(Por)
072 _aQ03
_b8105
_b9700
_b4110
090 _ 8105 BR2015004121
100 1 _aMataca, A.R.
110 1 _aUniversidade Federal de Minas Gerais, Belo Horizonte (Brasil). Escola de Veterinária
_0(Mestre em Ciência Animal)
245 1 _aEstudo da frequência de Salmonella spp. no pescado comercializado no Brasil
260 3 _aBelo Horizonte, MG (Brasil):
_c2014.
300 _a37 p.
500 _aSummaries (Eng, Por); Bibliography p. 31-36
650 _aPEIXE
650 _aCARNE
650 _aSALMONELLA SPP
650 _aBACTÉRIA PATOGÊNICA
650 _aMICROBIOLOGIA DE ALIMENTO
650 _aCONTAMINAÇÃO
909 _a202309
_bLucia
_c55
_dLucia Elande
942 _cBK
999 _c81237
_d81237